Dynamic physical education for elementary school children/ (Record no. 14422)

000 -LEADER
fixed length control field 00786nam a22001937a 4500
008 - FIXED-LENGTH DATA ELEMENTS--GENERAL INFORMATION
fixed length control field 160930b xxu||||| |||| 00| 0 eng d
020 ## - INTERNATIONAL STANDARD BOOK NUMBER
International Standard Book Number 0805379088
050 ## - LIBRARY OF CONGRESS CALL NUMBER
Classification number GV 443 .P36 2007
100 ## - MAIN ENTRY--PERSONAL NAME
Personal name Pangrazi,Robert P.
245 ## - TITLE STATEMENT
Title Dynamic physical education for elementary school children/
Statement of responsibility, etc. Robert P. Pangrazi
250 ## - EDITION STATEMENT
Edition statement 15th ed.
260 ## - PUBLICATION, DISTRIBUTION, ETC. (IMPRINT)
Place of publication, distribution, etc. San Francisco :
Name of publisher, distributor, etc. Benjamin Cumming ,
Date of publication, distribution, etc. c2007
300 ## - PHYSICAL DESCRIPTION
Extent xvii, 750p. :
Other physical details ill. ;
500 ## - GENERAL NOTE
General note includes index.
650 ## - SUBJECT ADDED ENTRY--TOPICAL TERM
Topical term or geographic name as entry element Physical education for children
General subdivision Study and teaching (elementary)
650 ## - SUBJECT ADDED ENTRY--TOPICAL TERM
Topical term or geographic name as entry element Physical education for children
General subdivision Study and teaching (elementary)
Chronological subdivision Activity programs
Geographic subdivision United States
650 ## - SUBJECT ADDED ENTRY--TOPICAL TERM
Topical term or geographic name as entry element Physical education for children
Form subdivision curricula
Geographic subdivision United Stares
942 ## - ADDED ENTRY ELEMENTS (KOHA)
Source of classification or shelving scheme
Koha item type Hard Covered Materials
Classification part GV 443 .P36 2007
Holdings
Withdrawn status Lost status Source of classification or shelving scheme Damaged status Not for loan Home library Current library Shelving location Date acquired Source of acquisition Total Checkouts Full call number Barcode Date last seen Price effective from Koha item type
          MACHAKOS UNIVERSITY LIBRARY MACHAKOS UNIVERSITY LIBRARY Open shelf 30/09/2016 Donation (BFA)   GV 443 .P36 2007 26358 30/09/2016 30/09/2016 Hard Covered Materials
© Machakos University Library, Along The Highway, Machakos Wote Rd, Machakos, Kenya P.O. Box 136 - 90100 Machakos - Kenya

Tel: ( +254 ) 723 805829 OR Fax : 044-20353 OR Email: library@mksu.ac.ke